000 00413 a2200169 4500
001 71863
020 _a8506010322
040 _cAnchieta - Colégio São Paulo
100 _aMachado, Ana Maria
240 1 0 _aMenina bonita do laço de fita
_lpor
245 1 0 _aMenina bonita do laço de fita
300 _a16
362 0 _a1986
440 1 _aMelhoramentos
650 4 _aLiteratura infanto-juvenil
942 _cBK
999 _c71863
_d71863